| 000 | 00876pam a2200289 a 4500 | ||
|---|---|---|---|
| 999 |
_c1544 _d1544 |
||
| 001 | 2941666 | ||
| 003 | OSt | ||
| 005 | 20210628114030.0 | ||
| 008 | 900511s1991 nyua b 001 0 eng c | ||
| 010 | _a 90006417 | ||
| 020 | _a0070669740 | ||
| 040 |
_aDNLM/DLC _cDLC _dDLC |
||
| 050 | 0 | 0 |
_aQP249 _b.V36 1991 |
| 060 | _aWJ 301 V229r | ||
| 082 | 0 | 0 |
_a612.4/63 _220 |
| 100 | 1 |
_aVander, Arthur J., _d1933- |
|
| 245 | 1 | 0 |
_aRenal physiology / _cArthur J. Vander. |
| 250 | _a4th ed. | ||
| 260 |
_aNew York : _bMcGraw-Hill, Health Professions Division, _cc1991. |
||
| 300 |
_axii, 228 p. : _bill. ; _c24 cm. |
||
| 504 | _aIncludes bibliographical references (p. 211-220) and index. | ||
| 650 | 0 |
_aKidneys _xPhysiology. |
|
| 650 | 2 |
_aKidney _xphysiology. |
|
| 906 |
_a7 _bcbc _corignew _d1 _eocip _f19 _gy-gencatlg |
||
| 942 |
_2lcc _cBK _nDO |
||